000 01182cam a2200337 4500
001 4557602
005 20250519124513.0
008 701105s1970 enkab 001 0 eng
010 _a 72510982
020 _a0192850407
020 _a978-1-138-92608-0 (pbk)
037 _cTB
040 _aBL
_cBL
_dBL
041 _2eng
_aeng
043 _af------
050 0 0 _aGN490
_b.F6 1970
084 _aV6:3 M7
_qBL
245 1 0 _aAfrican political systems;
260 _aLondon, UK;
_aNew York, USA:
_bPublished for the International African Institute by Oxford U.P.,
_c1987.
300 _axxiii, 302p.
_billus., maps.
_c21 cm.
350 _a12/-
365 _b2995.3
_cINR
650 0 _aIndigenous peoples
_zAfrica.
_9808892
650 0 _aTribal government.
_9808893
650 0 _aPolitical anthropology
_zAfrica.
_9808894
700 1 _aFortes, M.
_eeditor.
_9808895
700 1 _aEvans, Pritchard, E. E.
_eeditor.
_9808896
906 _a7
_bcbc
_corignew
_d4
_encip
_f19
_gy-gencatlg
942 _2CC
_cTB
_hV6:3 M7
_n0
999 _c1428810
_d1428810